Anthropologischer Anzeiger

محفوظ في:

التنسيق: دورية

اللغة: Undetermined

منشور في: JSTOR
E. Schweizerbart'sche Verlagsbuchhandlung

الموضوعات:

الوصول للمادة أونلاين: Login to view Source

الوسوم: إضافة وسم

لا توجد وسوم, كن أول من يضع وسما على هذه التسجيلة!

رقم الطلب:

LEADER 00526nas a2200169Ia 4500
008 220214c99999999xx |||||||||||| ||und||
022 |a 2363-7099 
022 |a مارس-48 
245 0 0 |a Anthropologischer Anzeiger 
264 1 |b JSTOR 
264 1 |b E. Schweizerbart'sche Verlagsbuchhandlung 
362 0 |a Vol. 1(1924)-72 (2015) 
653 1 0 |a Social Sciences 
856 4 0 |u https://www.jstor.org/journal/anthanze 
942 |c JL 
952 |0 0  |1 0  |4 0  |7 1  |9 33939  |a JSR  |b JSR  |d 2022-02-14  |l 0  |r 2022-02-14 00:00:00  |w 2022-02-14  |y JL 
999 |c 42273  |d 42273